Osler : (Record no. 827)

000 -LEADER
fixed length control field 01594nam a22003977a 4500
001 - CONTROL NUMBER
control field 4944895
003 - CONTROL NUMBER IDENTIFIER
control field OSt
005 - DATE AND TIME OF LATEST TRANSACTION
control field 20210422063510.0
008 - FIXED-LENGTH DATA ELEMENTS--GENERAL INFORMATION
fixed length control field 960729s1997 nyua b 001 0 eng c
010 ## - LIBRARY OF CONGRESS CONTROL NUMBER
LC control number 96030172
020 ## - INTERNATIONAL STANDARD BOOK NUMBER
International Standard Book Number 0195112512 (alk. paper)
040 ## - CATALOGING SOURCE
Original cataloging agency DNLM/DLC
Transcribing agency DLC
Modifying agency eng
Language of cataloging eng
041 ## - LANGUAGE CODE
Language code of text/sound track or separate title eng
050 00 - LIBRARY OF CONGRESS CALL NUMBER
Classification number R464.O8
Item number B78 1997
060 10 - NATIONAL LIBRARY OF MEDICINE CALL NUMBER
Classification number WZ 100 O82Ba 1997
080 ## - UNIVERSAL DECIMAL CLASSIFICATION NUMBER
Universal Decimal Classification number 92
Item number B-91
082 00 - DEWEY DECIMAL CLASSIFICATION NUMBER
Classification number 610/.1
-- B
Edition number 20
100 1# - MAIN ENTRY--PERSONAL NAME
Personal name Bryan, Charles S.
245 10 - TITLE STATEMENT
Title Osler :
Remainder of title inspirations from a great physician /
Statement of responsibility, etc. / by: Oxford University Press
260 ## - PUBLICATION, DISTRIBUTION, ETC.
Place of publication, distribution, etc. New York :
Name of publisher, distributor, etc. Oxford University Press,
Date of publication, distribution, etc. 1997.
300 ## - PHYSICAL DESCRIPTION
Extent xiv, 253 p. :
Other physical details ill. ;
Dimensions 25 cm.
504 ## - BIBLIOGRAPHY, ETC. NOTE
Bibliography, etc. note Includes bibliographical references (p. 221-245) and index.
600 10 - SUBJECT ADDED ENTRY--PERSONAL NAME
Personal name Osler, William,
Titles and other words associated with a name Sir,
Dates associated with a name 1849-1919
General subdivision Philosophy.
600 10 - SUBJECT ADDED ENTRY--PERSONAL NAME
Personal name Osler, William,
Titles and other words associated with a name Sir,
Dates associated with a name 1849-1919
General subdivision Influence.
600 12 - SUBJECT ADDED ENTRY--PERSONAL NAME
Personal name Osler, William,
Titles and other words associated with a name Sir,
Dates associated with a name 1849-1919.
650 12 - SUBJECT ADDED ENTRY--TOPICAL TERM
Topical term or geographic name entry element Physicians
General subdivision biography.
650 10 - SUBJECT ADDED ENTRY--TOPICAL TERM
Topical term or geographic name entry element Biography
9 (RLIN) 237
653 ## - INDEX TERM--UNCONTROLLED
Uncontrolled term ბიოგრაფია
653 ## - INDEX TERM--UNCONTROLLED
Uncontrolled term ექიმები
856 42 - ELECTRONIC LOCATION AND ACCESS
Materials specified Publisher description
Uniform Resource Identifier <a href="http://www.loc.gov/catdir/enhancements/fy0603/96030172-d.html">http://www.loc.gov/catdir/enhancements/fy0603/96030172-d.html</a>
856 41 - ELECTRONIC LOCATION AND ACCESS
Materials specified Table of contents only
Uniform Resource Identifier <a href="http://www.loc.gov/catdir/enhancements/fy0603/96030172-t.html">http://www.loc.gov/catdir/enhancements/fy0603/96030172-t.html</a>
856 42 - ELECTRONIC LOCATION AND ACCESS
Materials specified Contributor biographical information
Uniform Resource Identifier <a href="http://www.loc.gov/catdir/enhancements/fy0726/96030172-b.html">http://www.loc.gov/catdir/enhancements/fy0726/96030172-b.html</a>
906 ## - LOCAL DATA ELEMENT F, LDF (RLIN)
a 7
b cbc
c orignew
d 1
e ocip
f 19
g y-gencatlg
942 ## - ADDED ENTRY ELEMENTS (KOHA)
Source of classification or shelving scheme
Koha item type Books
Holdings
Withdrawn status Lost status Source of classification or shelving scheme Damaged status Not for loan Permanent location Current location Date acquired Inventory number Total Checkouts Full call number Barcode Date last seen Price effective from Koha item type
          Ken Walker International University Ken Walker International University 12/28/2020 2327   92 B-91 2327 12/28/2020 12/28/2020 Books

Powered by Koha